Welcome to the Holygrace Academy Library

Please use search bar below to get started

RHYMES (Record no. 3905)

MARC details
000 -LEADER
fixed length control field 00202nam a22001097a 4500
082 ## - DEWEY DECIMAL CLASSIFICATION NUMBER
Classification number 821
Item number MAH/R
245 ## - TITLE STATEMENT
Title RHYMES
260 ## - PUBLICATION, DISTRIBUTION, ETC. (IMPRINT)
Place of publication SIVAKASI
Name of publisher MAHESH ARTS
300 ## - PHYSICAL DESCRIPTION
Number of Pages 32
650 ## - SUBJECT ADDED ENTRY--TOPICAL TERM
Topical Term RHYMES
942 ## - ADDED ENTRY ELEMENTS (KOHA)
Koha item type Books
Holdings
Withdrawn status Lost status Collection code Home library Current library Shelving location Date acquired Source of acquisition Full call number Accession Number Koha item type
    Non-fiction Main Library Main Library SHELF-16D -ENGLISH GRAMMAR ,POEMS 09/05/2017 PURCHASE 821 MAH/R 07593 Books